[Event "CZE-chT2E 1819"]
[Site "Czech Republic"]
[Date "2018.11.04"]
[Round "2.3"]
[White "Malcanek, Jan"]
[Black "Stratil, Ladislav Jr"]
[Result "1/2-1/2"]
[WhiteElo "2129"]
[BlackElo "2351"]
[PlyCount "112"]
[EventDate "2018.10.14"]
[EventType "team-tourn"]
[EventRounds "11"]
[EventCountry "CZE"]
[SourceTitle "EXT 2022"]
[Source "ChessBase"]
[SourceDate "2021.10.06"]
[SourceVersion "1"]
[SourceVersionDate "2021.10.06"]
[SourceQuality "1"]
[WhiteTeam "Zlin"]
[BlackTeam "Velke Losiny"]
[WhiteTeamCountry "CZE"]
[BlackTeamCountry "CZE"]

1. e4 g6 2. d4 Bg7 3. Nc3 d6 4. Be3 Nd7 5. Qd2 a6 6. a4 e6 7. h4 h5 8. Nh3 Ne7 9. Be2 Nf6 10. f3 d5 11. Nf2 Bd7 12. e5 Nfg8 13. Nd3 Bh6 14. Bxh6 Rxh6 15. Nc5 Bc8 16. a5 Nf5 17. Qf4 Rh8 18. Bd3 Qe7 19. Bxf5 gxf5 20. Qg5 Kf8 21. Nd3 Bd7 22. Nf4 Qb4 23. 0-0-0 c5 24. dxc5 Qxc5 25. Nxh5 Rh7 26. Nf6 Nxf6 27. exf6 d4 28. Nb1 Rc8 29. Qd2 e5 30. Na3 f4 31. Rde1 Bf5 32. Qe2 Re8 33. h5 Rh6 34. g4 fxg3 35. Qd2 Rxf6 36. Qg5 Ree6 37. h6 g2 38. Rhg1 Bg6 39. Rxg2 Kg8 40. h7+ Kh8 41. f4 Qe7 42. Rxe5 Rxe5 43. Qxe5 Qxe5 44. fxe5 Rc6 45. b3 d3 46. c4 Rc5 47. e6 Rxa5 48. b4 Rxa3 49. Rxg6 fxe6 50. Kd2 Rb3 51. Rxe6 Rxb4 52. Kc3 d2 53. Rd6 Ra4 54. Kb3 b5 55. cxb5 axb5 56. Rxd2 Kxh7 1/2-1/2

[Event "CZE-chT2D 1718"]
[Site "Czech Republic"]
[Date "2017.11.05"]
[Round "2.3"]
[White "Stratil, Ladislav Jr"]
[Black "Tesar, Jan"]
[Result "1/2-1/2"]
[WhiteElo "2356"]
[BlackElo "2118"]
[PlyCount "91"]
[EventDate "2017.10.15"]
[EventType "team-tourn"]
[EventRounds "11"]
[EventCountry "CZE"]
[SourceTitle "EXT 2022"]
[Source "ChessBase"]
[SourceDate "2021.10.06"]
[SourceVersion "1"]
[SourceVersionDate "2021.10.06"]
[SourceQuality "1"]
[WhiteTeam "Velke Losiny"]
[BlackTeam "Dalesice Pivovar"]
[WhiteTeamCountry "CZE"]
[BlackTeamCountry "CZE"]

1. g3 d5 2. Bg2 e5 3. d3 Nf6 4. Nd2 Bc5 5. e3 0-0 6. Ne2 Be6 7. h3 Nc6 8. a3 Qd7 9. b3 Rad8 10. Bb2 Rfe8 11. Nf3 Bf5 12. g4 Bg6 13. Nh4 Qe7 14. Ng3 e4 15. Nhf5 Qe6 16. d4 Bf8 17. Qe2 Ne7 18. Nxe7+ Bxe7 19. g5 Nd7 20. h4 Bf5 21. Nxf5 Qxf5 22. 0-0-0 Qe6 23. f3 exf3 24. Qxf3 c6 25. Bh3 Qe4 26. Qxe4 dxe4 27. Rdf1 Bd6 28. Rhg1 Re7 29. Rg4 a5 30. Bg2 Rde8 31. c4 Bc7 32. a4 Bd6 33. Kc2 Nb8 34. Bc3 Bc7 35. h5 Na6 36. g6 fxg6 37. hxg6 h6 38. Be1 Nb4+ 39. Kd2 Re6 40. Rf5 b6 41. Bh4 Bd6 42. Bh3 Nd3 43. Rg1 Bb4+ 44. Ke2 Rd6 45. Rff1 b5 46. axb5 1/2-1/2

[Event "CZE-chT2F 1617"]
[Site "Czech Republic"]
[Date "2016.12.11"]
[Round "5.1"]
[White "Stratil, Ladislav Jr"]
[Black "Nedela, Vlastimil"]
[Result "1-0"]
[WhiteElo "2347"]
[BlackElo "2328"]
[PlyCount "67"]
[EventDate "2016.10.09"]
[EventType "team-tourn"]
[EventRounds "11"]
[EventCountry "CZE"]
[SourceTitle "EXT 2022"]
[Source "ChessBase"]
[SourceDate "2021.10.06"]
[SourceVersion "1"]
[SourceVersionDate "2021.10.06"]
[SourceQuality "1"]
[WhiteTeam "Velke Losiny"]
[BlackTeam "Havirov Slovan"]
[WhiteTeamCountry "CZE"]
[BlackTeamCountry "CZE"]

1. g3 Nf6 2. Bg2 g6 3. e4 d6 4. d4 Bg7 5. Nc3 0-0 6. Nge2 e5 7. h3 Nc6 8. Be3 exd4 9. Nxd4 Nxd4 10. Bxd4 c5 11. Be3 Qb6 12. Rb1 Be6 13. 0-0 Nd7 14. Nd5 Qa5 15. a3 Rad8 16. Bg5 f6 17. Bd2 Qa4 18. b3 Qd4 19. c3 Qe5 20. Bf4 Qh5 21. Qxh5 gxh5 22. Bxd6 Bxd5 23. Bxf8 Kxf8 24. exd5 f5 25. c4 h4 26. Rbe1 Bd4 27. Kh2 Ne5 28. f4 hxg3+ 29. Kxg3 Ng6 30. Re6 Rd7 31. Rfe1 Rg7 32. Kh2 Bc3 33. R1e2 Rd7 34. d6 1-0

[Event "CZE-chT2D 1516"]
[Site "Czech Republic"]
[Date "2015.12.06"]
[Round "4.2"]
[White "Beil, Zdenek"]
[Black "Stratil, Ladislav Jr"]
[Result "0-1"]
[WhiteElo "2215"]
[BlackElo "2350"]
[PlyCount "122"]
[EventDate "2015.10.18"]
[EventType "team-tourn"]
[EventRounds "11"]
[EventCountry "CZE"]
[SourceTitle "EXT 2022"]
[Source "ChessBase"]
[SourceDate "2021.10.06"]
[SourceVersion "1"]
[SourceVersionDate "2021.10.06"]
[SourceQuality "1"]
[WhiteTeam "Litovel Tatran II"]
[BlackTeam "Velke Losiny"]
[WhiteTeamCountry "CZE"]
[BlackTeamCountry "CZE"]

1. d4 g6 2. e4 Bg7 3. Nc3 d6 4. Be3 Nd7 5. Qd2 a6 6. a4 e6 7. f4 Ne7 8. Bd3 Nf6 9. Nge2 d5 10. e5 Ng4 11. Bg1 h5 12. h3 Nh6 13. Bf2 Nhf5 14. g3 Nc6 15. Nd1 Bf8 16. c3 Na5 17. Bc2 Bd7 18. b3 b6 19. Nb2 c5 20. 0-0 Rc8 21. Rfc1 Nc6 22. Nd3 c4 23. bxc4 dxc4 24. Ne1 Nce7 25. Be4 Bc6 26. Qc2 Bxe4 27. Qxe4 Qd5 28. Qg2 Qxg2+ 29. Kxg2 Nd5 30. Kf3 Be7 31. Ng2 Kd7 32. Rh1 Rh7 33. g4 Ng7 34. Ne3 Rch8 35. Nxd5 exd5 36. Kg2 Kc6 37. Rhf1 hxg4 38. hxg4 Rh2+ 39. Kf3 R8h3+ 40. Ng3 Bh4 41. Rg1 Ne6 42. Be3 g5 43. fxg5 Bxg3 44. Rxg3 Rxg3+ 45. Kxg3 Re2 46. Kf3 Rc2 47. Rc1 Rxc1 48. Bxc1 b5 49. Ba3 a5 50. Kg3 bxa4 51. Kh4 Kd7 52. Kh5 Nf4+ 53. Kh6 Ke6 54. g6 Nxg6 55. Kg5 Ne7 56. Kf4 Nc6 57. Ke3 Na7 58. Kd2 Nb5 59. Bc1 a3 60. Kc2 a2 61. Bb2 a4 0-1

[Event "CZE-chT2D 1415"]
[Site "Czech Republic"]
[Date "2015.01.25"]
[Round "6.1"]
[White "Stratil, Ladislav Jr"]
[Black "Trhal, Tomas"]
[Result "1-0"]
[WhiteElo "2349"]
[BlackElo "2164"]
[PlyCount "113"]
[EventDate "2014.11.02"]
[EventType "team-tourn"]
[EventRounds "11"]
[EventCountry "CZE"]
[SourceTitle "EXT 2022"]
[Source "ChessBase"]
[SourceDate "2021.10.06"]
[SourceVersion "1"]
[SourceVersionDate "2021.10.06"]
[SourceQuality "1"]
[WhiteTeam "Velke Losiny"]
[BlackTeam "Vysoke Myto"]
[WhiteTeamCountry "CZE"]
[BlackTeamCountry "CZE"]

1. g3 Nf6 2. Bg2 e6 3. Nf3 Be7 4. 0-0 0-0 5. d3 d5 6. Nbd2 b6 7. e4 Bb7 8. e5 Nfd7 9. Re1 c5 10. Nf1 Nc6 11. h4 Qc7 12. Bf4 Rac8 13. N1h2 d4 14. h5 Nb4 15. h6 g6 16. Ng4 c4 17. a3 Nd5 18. Bg5 Ne3 19. Bxe3 dxe3 20. Rxe3 cxd3 21. cxd3 Bd5 22. d4 Qb7 23. Rc1 Rxc1 24. Qxc1 Rc8 25. Rc3 Rxc3 26. Qxc3 b5 27. Ne1 Nb6 28. Bxd5 Nxd5 29. Qc1 b4 30. axb4 Bxb4 31. Nd3 Bf8 32. Nc5 Qb5 33. Ne4 Qb8 34. Nef6+ Nxf6 35. Nxf6+ Kh8 36. Nd7 Qd8 37. Nxf8 Qxf8 38. Qg5 Kg8 39. g4 Qc8 40. Kh2 Kf8 41. Qf6 Qd7 42. Kg3 Qxd4 43. Kh4 Qd2 44. f4 Ke8 45. Qh8+ Ke7 46. Kg5 a5 47. Qxh7 Qd8 48. Qg7 Kd7+ 49. Qf6 Qg8 50. Kh4 Kc6 51. Qe7 Kd5 52. Kg5 Ke4 53. Qb7+ Ke3 54. Qa7+ Kf3 55. Qxa5 Qe8 56. Qc7 Qa4 57. Qxf7 1-0

[Event "CZE-chT 1415"]
[Site "Czech Republic"]
[Date "2015.01.11"]
[Round "6.7"]
[White "Bujnoch, Radek"]
[Black "Stratil, Ladislav Jr"]
[Result "1-0"]
[WhiteElo "2282"]
[BlackElo "2349"]
[PlyCount "79"]
[EventDate "2014.11.01"]
[EventType "team-tourn"]
[EventRounds "11"]
[EventCountry "CZE"]
[SourceTitle "EXT 2016"]
[Source "ChessBase"]
[SourceDate "2015.10.08"]
[SourceVersion "1"]
[SourceVersionDate "2015.10.08"]
[SourceQuality "1"]
[WhiteTeam "Polabiny"]
[BlackTeam "Litovel"]
[WhiteTeamCountry "CZE"]
[BlackTeamCountry "CZE"]

1. e4 g6 2. d4 Bg7 3. Nc3 d6 4. Be3 Nd7 5. Qd2 a6 6. 0-0-0 e6 7. h4 h5 8. Kb1 Ne7 9. Be2 b5 10. Nh3 Nb6 11. Bf3 b4 12. Ne2 a5 13. b3 Bb7 14. Ng5 Qd7 15. Nf4 Bh6 16. g4 hxg4 17. Bxg4 f5 18. Bf3 Bxg5 19. hxg5 0-0-0 20. d5 e5 21. Ne6 Rdg8 22. Bxb6 cxb6 23. Rh6 fxe4 24. Bxe4 Kb8 25. Rdh1 Qc8 26. Qe3 Ka7 27. Qf3 Nf5 28. Rxh8 Rxh8 29. Rxh8 Qxh8 30. Bxf5 gxf5 31. g6 f4 32. g7 Qh7 33. Qg2 f3 34. Qg5 Qh1+ 35. Kb2 a4 36. bxa4 Qe1 37. g8Q Qc3+ 38. Kb1 Qe1+ 39. Qc1 Qxf2 40. Qf7 1-0

[Event "CZE-chT2D 1213"]
[Site "Czech Republic"]
[Date "2012.10.14"]
[Round "1.2"]
[White "Cagasik, Tomas"]
[Black "Stratil, Ladislav Jr"]
[Result "1/2-1/2"]
[WhiteElo "2259"]
[BlackElo "2362"]
[PlyCount "67"]
[EventDate "2012.10.14"]
[EventType "team-tourn"]
[EventRounds "11"]
[EventCountry "CZE"]
[SourceTitle "EXT 2016"]
[Source "ChessBase"]
[SourceDate "2015.10.08"]
[SourceVersion "1"]
[SourceVersionDate "2015.10.08"]
[SourceQuality "1"]
[WhiteTeam "Olomouc Garde"]
[BlackTeam "Velke Losiny"]
[WhiteTeamCountry "CZE"]
[BlackTeamCountry "CZE"]

1. e4 g6 2. d4 Bg7 3. Nc3 d6 4. Be3 e6 5. Qd2 h6 6. 0-0-0 Nd7 7. f4 Ne7 8. h4 h5 9. Be2 Nf6 10. e5 Nfd5 11. Ne4 Nxe3 12. Qxe3 Nf5 13. Qf2 d5 14. Ng5 Bd7 15. g4 hxg4 16. Bxg4 Qe7 17. Bxf5 gxf5 18. Ne2 0-0-0 19. Rdg1 Kb8 20. Rh2 Rc8 21. Rhg2 Bh6 22. Kb1 Bb5 23. Nc1 b6 24. Qd2 c6 25. Nf3 Kb7 26. c3 a5 27. Ne2 Ba6 28. Ng3 Bf8 29. a3 Ka7 30. Ne2 Bh6 31. Ng3 Bf8 32. Ne2 Bh6 33. Ng3 Bf8 34. Ne2 1/2-1/2

[Event "CZE-chT 1011"]
[Site "Czech Republic"]
[Date "2011.04.17"]
[Round "11.8"]
[White "Stratil, Ladislav Jr"]
[Black "Kociscak, Jiri"]
[Result "1-0"]
[WhiteElo "2355"]
[BlackElo "2285"]
[PlyCount "43"]
[EventDate "2010.11.05"]
[EventType "team-tourn"]
[EventRounds "11"]
[EventCountry "CZE"]
[SourceTitle "EXT 2012"]
[Source "ChessBase"]
[SourceDate "2011.11.24"]
[SourceVersion "1"]
[SourceVersionDate "2011.11.24"]
[SourceQuality "1"]
[WhiteTeam "Litovel"]
[BlackTeam "Ostrava"]
[WhiteTeamCountry "CZE"]
[BlackTeamCountry "CZE"]

1. e4 e5 2. Nf3 Nc6 3. Bb5 a6 4. Ba4 Nf6 5. d3 d6 6. c3 g6 7. 0-0 Bg7 8. Nbd2 0-0 9. Re1 Nd7 10. Nf1 Nc5 11. Bc2 f5 12. exf5 Bxf5 13. Ne3 Qf6 14. Nxf5 gxf5 15. Be3 Ne6 16. Bb3 Ncd8 17. d4 h6 18. dxe5 dxe5 19. Nxe5 Qxe5 20. Bxh6 Qf6 21. Bxg7 Kxg7 22. Bxe6 1-0

[Event "CZE-chT1E 0910"]
[Site "Czech Republic"]
[Date "2010.01.24"]
[Round "7.7"]
[White "Stratil, Ladislav Jr"]
[Black "Trhal, Tomas"]
[Result "1-0"]
[WhiteElo "2344"]
[BlackElo "2034"]
[PlyCount "101"]
[EventDate "2009.11.15"]
[EventType "team-tourn"]
[EventRounds "11"]
[EventCountry "CZE"]
[SourceTitle "EXT 2011"]
[Source "ChessBase"]
[SourceDate "2010.11.26"]
[SourceVersion "1"]
[SourceVersionDate "2010.11.26"]
[SourceQuality "1"]
[WhiteTeam "Litovel"]
[BlackTeam "Vysoke Myto"]
[WhiteTeamCountry "CZE"]
[BlackTeamCountry "CZE"]

1. e4 e5 2. Nf3 Nc6 3. Bb5 a6 4. Ba4 Nf6 5. d3 d6 6. c3 Be7 7. 0-0 0-0 8. Nbd2 b5 9. Bc2 d5 10. Qe2 d4 11. cxd4 Nxd4 12. Nxd4 Qxd4 13. Nf3 Qd6 14. d4 Bg4 15. dxe5 Qxe5 16. Nxe5 Bxe2 17. Re1 Bh5 18. Nc6 Bc5 19. b4 Bb6 20. Be3 Rfe8 21. f3 Re6 22. Bxb6 Rxc6 23. Bc5 Nd7 24. Bb3 Nb6 25. h4 Bg6 26. g4 h5 27. g5 Nc4 28. Rad1 f6 29. f4 Bf7 30. Kf2 a5 31. Rg1 fxg5 32. Rxg5 Nd6 33. Bxd6 Bxb3 34. axb3 cxd6 35. Rxb5 axb4 36. Ke3 Ra2 37. Rxb4 Rh2 38. Rb8+ Kh7 39. Rb7 Rc3+ 40. Kd4 Rg3 41. f5 Rxh4 42. f6 Rf4 43. Rxg7+ Rxg7 44. fxg7 Kxg7 45. b4 Kf6 46. Ke3 Rh4 47. Rxd6+ Ke5 48. Rd5+ Ke6 49. b5 Rh1 50. b6 h4 51. Rb5 1-0

[Event "CZE-chT2E 0809"]
[Site "Czech Republic"]
[Date "2009.03.22"]
[Round "10.1"]
[White "Nepomucky, Ondrej"]
[Black "Stratil, Ladislav Jr"]
[Result "1/2-1/2"]
[WhiteElo "2203"]
[BlackElo "2360"]
[PlyCount "84"]
[EventDate "2008.10.12"]
[EventType "team-tourn"]
[EventRounds "11"]
[EventCountry "CZE"]
[SourceTitle "EXT 2010"]
[Source "ChessBase"]
[SourceDate "2010.11.25"]
[SourceVersion "1"]
[SourceVersionDate "2010.11.25"]
[SourceQuality "1"]
[WhiteTeam "Postorna"]
[BlackTeam "Sumperk"]
[WhiteTeamCountry "CZE"]
[BlackTeamCountry "CZE"]

1. e4 g6 2. d4 Bg7 3. Nf3 d6 4. Be2 Nd7 5. 0-0 e6 6. Re1 Ne7 7. Nbd2 h6 8. Nf1 b6 9. Ng3 Bb7 10. Bf1 a6 11. c3 0-0 12. Bf4 e5 13. dxe5 dxe5 14. Be3 Nc6 15. Qd2 Kh7 16. Rad1 Nf6 17. Qxd8 Raxd8 18. Be2 Ng8 19. Rxd8 Rxd8 20. Rd1 Rxd1+ 21. Bxd1 Nge7 22. Bb3 Nd8 23. Nd2 h5 24. f3 Bh6 25. Bxh6 Kxh6 26. Kf2 Kg7 27. Nc4 f6 28. Ne3 Nf7 29. Ngf1 Nd6 30. Nc4 Nf7 31. Nfd2 f5 32. Ne3 Kf6 33. g3 Nd6 34. Nec4 Nf7 35. Ne3 Bc6 36. h4 a5 37. a3 Nd6 38. Nec4 Nf7 39. Ne3 Nd8 40. Bc4 Nb7 41. b4 axb4 42. cxb4 Nd6 1/2-1/2

[Event "CZE-chT1E 0809"]
[Site "Czech Republic"]
[Date "2009.03.01"]
[Round "9.4"]
[White "Kubos, Rostislav"]
[Black "Stratil, Ladislav Jr"]
[Result "0-1"]
[WhiteElo "2194"]
[BlackElo "2360"]
[PlyCount "72"]
[EventDate "2008.11.08"]
[EventType "team-tourn"]
[EventRounds "11"]
[EventCountry "CZE"]
[SourceTitle "EXT 2010"]
[Source "ChessBase"]
[SourceDate "2010.11.25"]
[SourceVersion "1"]
[SourceVersionDate "2010.11.25"]
[SourceQuality "1"]
[WhiteTeam "Orlova Slavia"]
[BlackTeam "Litovel"]
[WhiteTeamCountry "CZE"]
[BlackTeamCountry "CZE"]

1. c4 g6 2. Nc3 Bg7 3. Nf3 d6 4. g3 Nd7 5. Bg2 e5 6. 0-0 Ngf6 7. d4 0-0 8. e4 Re8 9. h3 c6 10. b3 exd4 11. Nxd4 Nc5 12. Re1 a5 13. Bb2 Nfd7 14. f4 Qb6 15. Kh2 a4 16. Rb1 axb3 17. axb3 Qb4 18. Ndb5 cxb5 19. Nd5 Qxb3 20. Bxg7 Qxd1 21. Rbxd1 Ra2 22. Bd4 bxc4 23. Bxc5 dxc5 24. e5 b6 25. Kg1 Bb7 26. Bf1 Bxd5 27. Rxd5 Nf8 28. Bxc4 Rc2 29. Bb5 Rb8 30. Re2 Rc3 31. Kf2 Ne6 32. Ra2 Nc7 33. Rd7 Nxb5 34. f5 gxf5 35. e6 fxe6 36. Ra4 Rf8 0-1

[Event "CZE-chT 0708"]
[Site "Czech Republic"]
[Date "2008.04.13"]
[Round "11.7"]
[White "Ruzicka, Petr"]
[Black "Stratil, Ladislav Jr"]
[Result "1/2-1/2"]
[WhiteElo "2267"]
[BlackElo "2368"]
[PlyCount "85"]
[EventDate "2007.11.17"]
[EventType "team-tourn"]
[EventRounds "11"]
[EventCountry "CZE"]
[SourceTitle "EXT 2009"]
[Source "ChessBase"]
[SourceDate "2008.11.26"]
[SourceVersion "1"]
[SourceVersionDate "2008.11.26"]
[SourceQuality "1"]
[WhiteTeam "Trinec"]
[BlackTeam "Litovel"]
[WhiteTeamCountry "CZE"]
[BlackTeamCountry "CZE"]

1. e4 g6 2. d4 Bg7 3. Nf3 d6 4. Be2 Nd7 5. 0-0 e6 6. Nc3 h6 7. Be3 Ne7 8. Qd2 a6 9. Rad1 b6 10. d5 e5 11. Ne1 Nf6 12. Nd3 g5 13. b4 Ng6 14. f3 Nh5 15. Rc1 Nhf4 16. Nd1 Nxe2+ 17. Qxe2 a5 18. a3 axb4 19. axb4 0-0 20. g4 Ra3 21. N1f2 Bd7 22. c4 Qa8 23. b5 Qa4 24. Rfd1 Qb3 25. Rd2 Rfa8 26. Rb2 Ra2 27. Kf1 Rxb2 28. Qxb2 Qxb2 29. Nxb2 Ra2 30. Nbd3 Nh4 31. Ne1 Bf6 32. h3 Kf8 33. Nd1 Ke8 34. Nf2 Kd8 35. Nd1 Kc8 36. Nf2 Kb7 37. Nd1 Bg7 38. Nf2 Bf6 39. Nd1 Be7 40. Nf2 Kb8 41. Nd1 Kb7 42. Nf2 Bf6 43. Nd1 1/2-1/2

[Event "CZE-chT 0708"]
[Site "Czech Republic"]
[Date "2008.03.01"]
[Round "8.5"]
[White "Vokac, Marek"]
[Black "Stratil, Ladislav Jr"]
[Result "1/2-1/2"]
[WhiteElo "2416"]
[BlackElo "2368"]
[PlyCount "52"]
[EventDate "2007.11.17"]
[EventType "team-tourn"]
[EventRounds "11"]
[EventCountry "CZE"]
[SourceTitle "EXT 2009"]
[Source "ChessBase"]
[SourceDate "2008.11.26"]
[SourceVersion "1"]
[SourceVersionDate "2008.11.26"]
[SourceQuality "1"]
[WhiteTeam "Novoborsky"]
[BlackTeam "Litovel"]
[WhiteTeamCountry "CZE"]
[BlackTeamCountry "CZE"]

1. d4 g6 2. e4 Bg7 3. Nf3 d6 4. Bc4 e6 5. Qe2 h6 6. Nc3 Ne7 7. Be3 Nd7 8. a4 a6 9. a5 Nf6 10. e5 Nfd5 11. Bd2 Nb4 12. Bb3 d5 13. 0-0 Nbc6 14. Nd1 Nf5 15. c3 Bd7 16. Ne3 Nce7 17. g4 Nxe3 18. Qxe3 Bb5 19. Rfc1 h5 20. h3 Qd7 21. Bc2 hxg4 22. hxg4 0-0-0 23. Kg2 Bh6 24. Qxh6 Rxh6 25. Bxh6 Be2 26. Bg5 Rf8 1/2-1/2

[Event "CZE-chT 0708"]
[Site "Czech Republic"]
[Date "2007.12.02"]
[Round "4.5"]
[White "Stratil, Ladislav Jr"]
[Black "Lahner, Jakub"]
[Result "1/2-1/2"]
[WhiteElo "2368"]
[BlackElo "2314"]
[PlyCount "48"]
[EventDate "2007.11.17"]
[EventType "team-tourn"]
[EventRounds "11"]
[EventCountry "CZE"]
[SourceTitle "EXT 2009"]
[Source "ChessBase"]
[SourceDate "2008.11.26"]
[SourceVersion "1"]
[SourceVersionDate "2008.11.26"]
[SourceQuality "1"]
[WhiteTeam "Litovel"]
[BlackTeam "Frydek Mistek"]
[WhiteTeamCountry "CZE"]
[BlackTeamCountry "CZE"]

1. e4 e5 2. Nf3 Nc6 3. Bb5 a6 4. Ba4 Nf6 5. d3 b5 6. Bb3 Bc5 7. 0-0 d6 8. c3 h6 9. Nbd2 0-0 10. Re1 Bb6 11. Nf1 Re8 12. Be3 Bxe3 13. Nxe3 g6 14. Qd2 Kg7 15. c4 Nd4 16. Nxd4 exd4 17. Nf1 c5 18. Rac1 Nh5 19. Bd1 Qg5 20. Bxh5 Qxh5 21. f4 Qh4 22. b3 Ra7 23. Ng3 Qd8 24. Rf1 f5 1/2-1/2

[Event "CZE-chT 0708"]
[Site "Czech Republic"]
[Date "2007.11.17"]
[Round "1.6"]
[White "Stratil, Ladislav Jr"]
[Black "Sodoma, Jan"]
[Result "1-0"]
[WhiteElo "2368"]
[BlackElo "2328"]
[PlyCount "199"]
[EventDate "2007.11.17"]
[EventType "team-tourn"]
[EventRounds "11"]
[EventCountry "CZE"]
[SourceTitle "EXT 2009"]
[Source "ChessBase"]
[SourceDate "2008.11.26"]
[SourceVersion "1"]
[SourceVersionDate "2008.11.26"]
[SourceQuality "1"]
[WhiteTeam "Litovel"]
[BlackTeam "Bohemians"]
[WhiteTeamCountry "CZE"]
[BlackTeamCountry "CZE"]

1. e4 e5 2. Nf3 Nc6 3. Bb5 a6 4. Ba4 Nf6 5. d3 b5 6. Bb3 Bc5 7. 0-0 0-0 8. c3 d6 9. Nbd2 Qe7 10. Re1 h6 11. Nf1 Kh7 12. Ne3 Ng4 13. Bd5 Bxe3 14. Bxe3 Nxe3 15. Rxe3 Bd7 16. c4 Rab8 17. cxb5 axb5 18. Rc1 Rb6 19. Re2 Nb4 20. Rxc7 Qd8 21. Ra7 Nxd5 22. exd5 Bg4 23. Rc2 Qf6 24. h3 Bh5 25. Qe2 b4 26. g4 Bg6 27. Nd2 Rb5 28. Ne4 Qf4 29. h4 Kg8 30. h5 Bh7 31. Rc4 Rxd5 32. Rxb4 Qc1+ 33. Kg2 Qb1 34. Nc3 Qxd3 35. Qxd3 Rxd3 36. Rd7 Rd2 37. a4 Bd3 38. Nd5 Be4+ 39. Rxe4 Rxd5 40. Rb4 Rd1 41. a5 Ra8 42. Rbb7 Rd4 43. Kg3 Rf4 44. Rxd6 Rxa5 45. Rd8+ Kh7 46. Rbb8 g6 47. Rh8+ Kg7 48. Rbg8+ Kf6 49. hxg6 fxg6 50. Rxh6 Rb5 51. Rgxg6+ Kf7 52. Rb6 Rfb4 53. Rh7+ Kg8 54. Rxb5 Rxb5 55. Rh5 Kf7 56. f3 Kf6 57. Rh2 Rb3 58. Re2 Ke6 59. Kg2 Kd6 60. Kf2 Kd5 61. Kg3 Kd6 62. Kg2 Kd5 63. g5 Rb4 64. Kg3 Kd6 65. g6 Ke6 66. g7 Kf7 67. Rxe5 Kxg7 68. Re2 Kf6 69. Kf2 Kf5 70. Ke3 Ke5 71. Kd3+ Kd5 72. Kc3 Rf4 73. Re3 Kc5 74. Kd2 Rb4 75. b3 Rf4 76. Rd3 Rf8 77. Kc3 Rf4 78. Re3 Rf8 79. Rd3 Rf7 80. Kd2 Re7 81. Re3 Rf7 82. Ke2 Kd5 83. Re4 Rf8 84. b4 Rf7 85. Ke3 Rh7 86. Rd4+ Ke5 87. Rc4 Rh8 88. f4+ Kd5 89. Rc5+ Kd6 90. Re5 Rh1 91. Ke4 Re1+ 92. Kf5 Rg1 93. b5 Rg2 94. Kf6 Rf2 95. f5 Kd7 96. b6 Rh2 97. Re7+ Kd8 98. b7 Rh6+ 99. Kg5 Rb6 100. Rh7 1-0

[Event "CZE-chT1E 0607"]
[Site "Czech Republic"]
[Date "2007.03.18"]
[Round "10.6"]
[White "Brychta, Jan"]
[Black "Stratil, Ladislav Jr"]
[Result "1-0"]
[WhiteElo "2218"]
[BlackElo "2383"]
[PlyCount "129"]
[EventDate "2006.10.15"]
[EventType "team"]
[EventRounds "11"]
[EventCountry "CZE"]
[SourceTitle "EXT 2008"]
[Source "ChessBase"]
[SourceDate "2007.11.25"]
[SourceVersion "1"]
[SourceVersionDate "2007.11.25"]
[SourceQuality "1"]

1. e4 g6 2. d4 Bg7 3. Nc3 d6 4. f4 e6 5. Nf3 Ne7 6. Bd3 d5 7. e5 b6 8. h4 h5 9. Ng5 Ba6 10. Nb5 Bxb5 11. Bxb5+ c6 12. Bd3 c5 13. c4 Nbc6 14. dxc5 bxc5 15. cxd5 Qxd5 16. Be4 Qxd1+ 17. Kxd1 Rd8+ 18. Bd2 Nd4 19. Rc1 Rc8 20. Rh3 0-0 21. Rhc3 f6 22. exf6 Bxf6 23. Rxc5 Rcd8 24. Rc7 a6 25. Ra7 Nb5 26. Rxe7 Bxe7 27. Nxe6 Bb4 28. Nxd8 Rxd8 29. Rc2 Nd4 30. Bxb4 Nxc2+ 31. Kxc2 Rd4 32. Bxg6 Rxb4 33. g3 Rb5 34. f5 Kg7 35. Bxh5 Rxf5 36. Be2 Rf2 37. Kd2 a5 38. a3 Rg2 39. g4 Rh2 40. h5 Kf6 41. b4 a4 42. b5 Rh3 43. Bd3 Ke5 44. b6 Kd6 45. b7 Kc7 46. Be4 Rg3 47. h6 Rxg4 48. h7 Rh4 49. Ke3 Kb8 50. Kd4 Rh5 51. Ke3 Rh4 52. Kf3 Ka7 53. Kg3 Rh6 54. Kg4 Rh2 55. Kg5 Rxh7 56. Bxh7 Kxb7 57. Bc2 Kb6 58. Bxa4 Kc5 59. Kf5 Kc4 60. Ke5 Kc3 61. Be8 Kb3 62. a4 Kb4 63. Kd4 Ka5 64. Kc5 Ka6 65. Kb4 1-0

[Event "CZE-chT 0607"]
[Site "Czech Republic"]
[Date "2007.03.10"]
[Round "8.6"]
[White "Sluka, Radek"]
[Black "Stratil, Ladislav Jr"]
[Result "1-0"]
[WhiteElo "2331"]
[BlackElo "2383"]
[PlyCount "44"]
[EventDate "2006.12.01"]
[EventType "team"]
[EventRounds "11"]
[EventCountry "CZE"]
[SourceTitle "EXT 2008"]
[Source "ChessBase"]
[SourceDate "2007.11.25"]
[SourceVersion "1"]
[SourceVersionDate "2007.11.25"]
[SourceQuality "1"]
[WhiteTeam "Grygov"]
[BlackTeam "Turnov Zikuda"]
[WhiteTeamCountry "CZE"]
[BlackTeamCountry "CZE"]

1. g3 f5 2. Bg2 Nf6 3. Nf3 g6 4. 0-0 Bg7 5. d3 0-0 6. Nbd2 d6 7. e4 e5 8. c3 f4 9. d4 Nh5 10. g4 Bxg4 11. Qb3+ Kh8 12. Qxb7 Nd7 13. h3 Be6 14. dxe5 Nxe5 15. Nxe5 dxe5 16. Nf3 Qd7 17. Kh2 a5 18. b3 Rfb8 19. Qxa8 Rxa8 20. Bb2 Qe7 21. c4 g5 22. Nxe5 f3 1-0

[Event "CZE-chT1E 0607"]
[Site "Czech Republic"]
[Date "2007.03.04"]
[Round "9.6"]
[White "Stratil, Ladislav Jr"]
[Black "Ruzicka, Petr"]
[Result "1/2-1/2"]
[WhiteElo "2383"]
[BlackElo "2272"]
[PlyCount "63"]
[EventDate "2006.10.15"]
[EventType "team"]
[EventRounds "11"]
[EventCountry "CZE"]
[SourceTitle "EXT 2008"]
[Source "ChessBase"]
[SourceDate "2007.11.25"]
[SourceVersion "1"]
[SourceVersionDate "2007.11.25"]
[SourceQuality "1"]

1. e4 c5 2. d3 Nc6 3. g3 g6 4. Bg2 Bg7 5. Nd2 Rb8 6. a4 a6 7. Nc4 b5 8. axb5 axb5 9. Ne3 e6 10. h4 h5 11. Nh3 Nge7 12. 0-0 Qc7 13. Re1 d6 14. f4 e5 15. Rf1 f6 16. Bd2 b4 17. c3 bxc3 18. bxc3 Bd7 19. Rb1 Nd8 20. Rxb8 Qxb8 21. Qc2 0-0 22. Rb1 Qc8 23. Nf2 Nf7 24. Nc4 Bc6 25. Qb3 Kh8 26. Qb6 Qd7 27. fxe5 Nxe5 28. Nxe5 fxe5 29. Bg5 Ng8 30. Rb2 Nf6 31. Bh3 Ng4 32. Nxg4 1/2-1/2